भारतीय संगीत एवं संस्कृति / (Record no. 206428)

MARC details
000 -LEADER
fixed length control field 01031nam a22002057a 4500
005 - DATE AND TIME OF LATEST TRANSACTION
control field 20250207140648.0
010 ## - LCCN (DPL NO)
LC control number HIN-128632
020 ## - INTERNATIONAL STANDARD BOOK NUMBER
Terms of availability 795.00
International Standard Book Number 9789386695321
035 ## - SYSTEM CONTROL NUMBER
System control number HN-100978
037 ## - SOURCE OF ACQUISITION
Source of stock number/acquisition DBAD
082 ## - DEWEY DECIMAL CLASSIFICATION NUMBER
Classification number 781.6200954
245 ## - TITLE STATEMENT
Title भारतीय संगीत एवं संस्कृति /
Remainder of title गीता शर्मा और चन्द्रपाल पुनिया द्वारा संपादित
250 ## - EDITION STATEMENT
Edition statement प्रथम
260 ## - PUBLICATION, DISTRIBUTION, ETC. (IMPRINT)
Place of publication, distribution, etc नई दिल्ली
Name of publisher, distributor, etc आर्यन पब्लिकेशन
Date of publication, distribution, etc 2021
270 ## - ADDRESS
Address 110,गली नं. 4, हरफूल विहार , बापरौला
City नई दिल्ली
Postal code 110043
Telephone number 09891896483
Electronic mail address aryanpublication12@gmail.com
300 ## - PHYSICAL DESCRIPTION
Extent 285पृ.
Dimensions 22 सेमी. (सजिल्द)
700 ## - ADDED ENTRY--PERSONAL NAME
Personal name शर्मा, गीता शर्मा
9 (RLIN) 72854
700 ## - ADDED ENTRY--PERSONAL NAME
Personal name पुनिया, चन्द्रपाल
9 (RLIN) 77439
942 ## - ADDED ENTRY ELEMENTS (KOHA)
Source of classification or shelving scheme Dewey Decimal Classification
Item type Hindi Books
Classification part 781.6200954
Call number suffix भारती
Holdings
Withdrawn status Lost status Not for loan Collection code Home library Current library Date acquired Source of acquisition Cost, normal purchase price Full call number Barcode Copy number Cost, replacement price Koha item type
      Non-fiction Vinoba Puri Vinoba Puri 15/10/2024 DBAD 795.00 781.6200954 भारती HN-100978 1 795.00 Hindi Books

© Delhi Public Library
Hit Counter
free hit counter